| 000 | 00737nam a2200253Ia 4500 | ||
|---|---|---|---|
| 003 | OSt | ||
| 005 | 20220923221900.0 | ||
| 006 | a|||||r|||| 00| 0 | ||
| 007 | ta | ||
| 008 | NEP | ||
| 024 | _a200,797 | ||
| 037 | _cTextual | ||
| 040 |
_aARTS _cARTS _bNEP |
||
| 041 |
_2NEP _aNEP |
||
| 082 | _aO1595,1N06w, 152N2 | ||
| 100 | _aगोस्वामी, ओम | ||
| 245 | 0 | _aशभुनाथ शर्मा | |
| 246 | _aShabhunāth sharmā | ||
| 260 |
_aनई दिल्ली _b साहित्य अकादमी _c1992 |
||
| 300 |
_a136पृ0 _ccm. |
||
| 490 | _aHkkjrh; lkfgR; ds fuekZrk | ||
| 942 |
_hO1595,1N06w, 152N2 _cTEXL _2CC |
||
| 999 |
_c352469 _d352469 |
||